Score 0/20 Timer 03:00
0 Plays Today
% Correct
Barry Allen
98.1%
Caitlin Snow
90.1%
Oliver Queen
89.5%
Cisco Ramon
86.8%
Felicity Smoak
85.8%
Laurel Lance
81.9%
Sara Lance
79.9%
Ray Palmer
73.6%
Thea Queen
72.4%
Leonard Snart
72.4%
% Correct
Roy Harper
71%
John Diggle
69.8%
Mick Rory
63.3%
Martin Stein
62.8%
Wally West
60.1%
Curtis Holt
55.5%
Rene Ramirez
53.2%
Slade Wilson
52.8%
Jefferson Jackson
52.6%
Eobard Thawne
50.1%
Remove Ads.
Support Sporcle.
Get the best of Sporcle when you Go Orange. This ad-free experience offers more features, more stats, and more fun while also helping to support Sporcle. Thank you for becoming a member.

You're not logged in!

Compare scores with friends on all Sporcle quizzes.
OR
Log In

Sporcle TV

Today on Sporcle TV


Watch our educational content, quiz creation guides, and fun videos on Sporcle TV.

Show Comments

Extras

Top Quizzes Today


Score Distribution

Paid Content

Your Account Isn't Verified!

In order to create a playlist on Sporcle, you need to verify the email address you used during registration. Go to your Sporcle Settings to finish the process.

Report this User

Report this user for behavior that violates our Community Guidelines.

Details: